|
|
|
|
| LEADER |
00000cam a2200000 c 4500 |
| 001 |
1617698172 |
| 003 |
DE-627 |
| 005 |
20251225200847.0 |
| 007 |
tu |
| 008 |
931116s1993 xxk||||| 00| ||eng c |
| 016 |
7 |
|
|a b93X4380
|2 UK
|
| 020 |
|
|
|a 1850436851
|9 1-85043-685-1
|
| 035 |
|
|
|a (DE-627)1617698172
|
| 035 |
|
|
|a (DE-576)03605240X
|
| 035 |
|
|
|a (DE-599)BSZ03605240X
|
| 035 |
|
|
|a (OCoLC)243798164
|
| 035 |
|
|
|a (OCoLC)29849576
|
| 035 |
|
|
|a (DE-604)8098645811
|
| 035 |
|
|
|a (DE-615)00746181
|
| 035 |
|
|
|a (AT-OBV)AC01138666
|
| 040 |
|
|
|a DE-627
|b ger
|c DE-627
|e rakwb
|
| 041 |
|
|
|a eng
|
| 044 |
|
|
|c XA-GB
|c XD-US
|
| 050 |
|
0 |
|a LAW
|
| 082 |
0 |
|
|a 340.59
|
| 084 |
|
|
|a RG04.02
|2 fivr
|
| 084 |
|
|
|a RG01.11
|2 fivr
|
| 084 |
|
|
|a SF10
|2 fivs
|
| 084 |
|
|
|a SG02.06
|2 fivs
|
| 084 |
|
|
|a 0
|2 ssgn
|
| 084 |
|
|
|a RS 17798
|2 rvk
|0 (DE-625)rvk/142459:12863
|
| 084 |
|
|
|a RR 27798
|2 rvk
|0 (DE-625)rvk/142436:12863
|
| 084 |
|
|
|a PU 1534
|2 rvk
|0 (DE-625)rvk/139920:
|
| 084 |
|
|
|a 11.84
|2 bkl
|
| 084 |
|
|
|a 71.21
|2 bkl
|
| 100 |
1 |
|
|0 (DE-588)170659313
|0 (DE-627)060778059
|0 (DE-576)131523163
|4 aut
|a Mir-Hosseini, Ziba
|d 1952-
|
| 109 |
|
|
|a Mir-Hosseini, Ziba 1952-
|a Hosseini, Ziba M.- 1952-
|a Hosseini, Ziba Mir- 1952-
|a Mīr-Ḥusainī, Zībā 1952-
|
| 245 |
1 |
0 |
|a Marriage on trial
|b a study of Islamic family law, Iran and Morocco compared
|c Ziba Mir-Hosseini
|
| 264 |
|
1 |
|a London [u.a.]
|b Tauris
|c 1993
|
| 300 |
|
|
|a XII, 245 S.
|
| 336 |
|
|
|a Text
|b txt
|2 rdacontent
|
| 337 |
|
|
|a ohne Hilfsmittel zu benutzen
|b n
|2 rdamedia
|
| 338 |
|
|
|a Band
|b nc
|2 rdacarrier
|
| 490 |
0 |
|
|a Society and culture in the modern Middle East
|
| 500 |
|
|
|a Includes bibliographical references p. 229-239 and index
|
| 505 |
8 |
|
|a Literaturverz. S. 229 - 239
|
| 583 |
1 |
|
|a Archivierung prüfen
|c 20200919
|f DE-640
|z 3
|2 pdager
|
| 583 |
1 |
|
|a Archivierung/Langzeitarchivierung gewährleistet
|f SSG
|x XA-DE-BW
|2 pdager
|5 DE-21
|
| 583 |
1 |
|
|a Archivierung prüfen
|c 20240324
|f DE-4165
|z 2
|2 pdager
|
| 650 |
|
4 |
|a Law
|
| 650 |
|
4 |
|a Iran
|x Marokko
|x Islam
|x Ehe/Heirat
|x Muta
|x Familienrecht
|x Rechtsvergleichung
|
| 653 |
|
0 |
|a Matrimonial actions (Islamic law)
|a Morocco
|
| 653 |
|
0 |
|a Marriage (Islamic law)
|a Morocco
|
| 653 |
|
0 |
|a Matrimonial actions (Islamic law)
|a Iran
|
| 653 |
|
0 |
|a Marriage (Islamic law)
|a Iran
|
| 653 |
|
0 |
|a Marriage
|a Religious aspects
|a Islam
|
| 689 |
0 |
0 |
|d g
|0 (DE-588)4027653-3
|0 (DE-627)106283960
|0 (DE-576)208971645
|2 gnd
|a Iran
|
| 689 |
0 |
1 |
|d g
|0 (DE-588)4037680-1
|0 (DE-627)104584971
|0 (DE-576)20902593X
|2 gnd
|a Marokko
|
| 689 |
0 |
2 |
|d s
|0 (DE-588)4016419-6
|0 (DE-627)106333259
|0 (DE-576)208915907
|2 gnd
|a Familienrecht
|
| 689 |
0 |
3 |
|d s
|0 (DE-588)4027743-4
|0 (DE-627)106283499
|0 (DE-576)20897220X
|2 gnd
|a Islam
|
| 689 |
0 |
4 |
|d s
|0 (DE-588)4115712-6
|0 (DE-627)104262664
|0 (DE-576)209495464
|2 gnd
|a Rechtsvergleich
|
| 689 |
0 |
|
|5 DE-101
|
| 689 |
1 |
0 |
|d g
|0 (DE-588)4027653-3
|0 (DE-627)106283960
|0 (DE-576)208971645
|2 gnd
|a Iran
|
| 689 |
1 |
1 |
|d s
|0 (DE-588)4016419-6
|0 (DE-627)106333259
|0 (DE-576)208915907
|2 gnd
|a Familienrecht
|
| 689 |
1 |
2 |
|d s
|0 (DE-588)4027743-4
|0 (DE-627)106283499
|0 (DE-576)20897220X
|2 gnd
|a Islam
|
| 689 |
1 |
3 |
|d g
|0 (DE-588)4037680-1
|0 (DE-627)104584971
|0 (DE-576)20902593X
|2 gnd
|a Marokko
|
| 689 |
1 |
|
|5 (DE-627)
|
| 689 |
2 |
0 |
|d g
|0 (DE-588)4027653-3
|0 (DE-627)106283960
|0 (DE-576)208971645
|2 gnd
|a Iran
|
| 689 |
2 |
1 |
|d g
|0 (DE-588)4037680-1
|0 (DE-627)104584971
|0 (DE-576)20902593X
|2 gnd
|a Marokko
|
| 689 |
2 |
2 |
|d s
|0 (DE-588)4013630-9
|0 (DE-627)106342541
|0 (DE-576)208904859
|2 gnd
|a Ehe
|
| 689 |
2 |
3 |
|d s
|0 (DE-588)4013656-5
|0 (DE-627)106342487
|0 (DE-576)208904956
|2 gnd
|a Ehescheidung
|
| 689 |
2 |
4 |
|d s
|0 (DE-588)4027743-4
|0 (DE-627)106283499
|0 (DE-576)20897220X
|2 gnd
|a Islam
|
| 689 |
2 |
5 |
|d s
|0 (DE-588)4016419-6
|0 (DE-627)106333259
|0 (DE-576)208915907
|2 gnd
|a Familienrecht
|
| 689 |
2 |
|
|5 (DE-627)
|
| 787 |
0 |
8 |
|i Rezensiert in
|a Rosen, Lawrence
|t MIR-HOSSEINI, ZIBA, Marriage on Trial: A Study of Islamic Family Law. London: I. B. Taurus & Co. Ltd., 1993. Pp. xiii + 245. Price: £ 34.50. ISBN 1-85043-685-1
|d 1995
|w (DE-627)1820633799
|
| 889 |
|
|
|w (DE-627)126766126
|
| 935 |
|
|
|i mdedup
|
| 936 |
r |
v |
|a RS 17798
|b Teilgebiete und Einzelfragen
|k Geografie
|k Regionale Geografie
|k Afrika
|k Nordafrika
|k Marokko
|k Allgemeine Geografie
|k Anthropogeografie
|k Sozialgeografie und Politische Geografie
|k Teilgebiete und Einzelfragen
|0 (DE-627)1272096831
|0 (DE-625)rvk/142459:12863
|0 (DE-576)202096831
|
| 936 |
r |
v |
|a RR 27798
|b Teilgebiete und Einzelfragen
|k Geografie
|k Regionale Geografie
|k Asien (ohne GUS)
|k Vorderasien, Westasien und Naher Osten (gegebenenfalls einschl. Nordafrika)
|k Iran
|k Allgemeine Geografie
|k Anthropogeografie
|k Sozialgeografie und Politische Geografie
|k Teilgebiete und Einzelfragen
|0 (DE-627)1272113442
|0 (DE-625)rvk/142436:12863
|0 (DE-576)202113442
|
| 936 |
r |
v |
|a PU 1534
|b Familienrecht
|k Rechtswissenschaft
|k Ausländisches Privatrecht, Privatrechtsvergleichung und -vereinheitlichung
|k Allgemeines
|k Familienrecht
|0 (DE-627)1271190850
|0 (DE-625)rvk/139920:
|0 (DE-576)201190850
|
| 936 |
b |
k |
|a 11.84
|j Islam: Sonstiges
|0 (DE-627)106404075
|
| 936 |
b |
k |
|a 71.21
|j Familie
|j Verwandtschaft
|x Soziologie
|0 (DE-627)106416588
|
| 936 |
f |
i |
|0 (DE-627)1756133840
|a RG04.02
|b Iran
|k Naher und Mittlerer Osten und Nordafrika
|k Westasien
|k Iran
|2 fivr
|
| 936 |
f |
i |
|0 (DE-627)1756133573
|a RG01.11
|b Marokko
|k Naher und Mittlerer Osten und Nordafrika
|k Nordafrika
|k Marokko
|2 fivr
|
| 936 |
f |
i |
|0 (DE-627)1756135886
|a SF10
|b Recht
|k Staat
|k Recht
|2 fivs
|
| 936 |
f |
i |
|0 (DE-627)1756135975
|a SG02.06
|b Geschlechterbeziehungen/Lebensgemeinschaften
|k Gesellschaft
|k Gesellschaftsentwicklung/Gesellschaftsstruktur
|k Geschlechterbeziehungen/Lebensgemeinschaften
|2 fivs
|
| 938 |
1 |
0 |
|0 (DE-627)175616259X
|0 (DE-615)6601749
|a Iran
|2 fivt
|
| 938 |
1 |
0 |
|0 (DE-627)1756149666
|0 (DE-615)6602930
|a Marokko
|2 fivt
|
| 938 |
1 |
0 |
|0 (DE-627)1756169551
|0 (DE-615)6605656
|a Islam
|2 fivt
|
| 938 |
1 |
0 |
|0 (DE-627)1756239029
|0 (DE-615)6609372
|a Ehe/Heirat
|2 fivt
|
| 938 |
1 |
0 |
|0 (DE-627)104455667
|0 (DE-588)4238076-5
|a Mut'a
|2 gnd
|2 fivt
|
| 938 |
1 |
0 |
|0 (DE-627)1756228981
|0 (DE-615)6608545
|a Familienrecht
|2 fivt
|
| 938 |
1 |
0 |
|0 (DE-627)1756162913
|0 (DE-615)6602348
|a Rechtsvergleichung
|2 fivt
|
| 951 |
|
|
|a BO
|
| ELC |
|
|
|b 1
|
| ITA |
|
|
|a 1
|t 1
|
| LOK |
|
|
|0 000 xxxxxcx a22 zn 4500
|
| LOK |
|
|
|0 001 3210182299
|
| LOK |
|
|
|0 003 DE-627
|
| LOK |
|
|
|0 004 1617698172
|
| LOK |
|
|
|0 005 20020413000000
|
| LOK |
|
|
|0 008 940426||||||||||||||||ger|||||||
|
| LOK |
|
|
|0 040
|a DE-21
|c DE-627
|d DE-21
|
| LOK |
|
|
|0 852
|a DE-21
|
| LOK |
|
|
|0 852 1
|c 33 A 22630
|9 00
|
| LOK |
|
|
|0 866
|x km-swi
|
| LOK |
|
|
|0 935
|a rswk
|a vord
|
| LOK |
|
|
|0 936ln
|a v6.3
|
| LOK |
|
|
|0 936ln
|a v13.3
|
| LOK |
|
|
|0 936ln
|a v15.5
|
| LOK |
|
|
|0 939
|a 26-04-94
|b l01
|
| ORI |
|
|
|a SA-MARC-ixtheoa001.raw
|
| REL |
|
|
|a 1
|
| STA |
0 |
0 |
|a Comparative law,Law,Divorce,Divorce,Divorce,Family law,Iran,Iran,Iran,Persia,Achaemenid Empire,Persian Empire,Sassanid Empire,Sasanid Empire,Islam,Islam,Marriage,Marriage,Marital life,Matrimony,Married people,Marriage,Marriage in literature,Morocco,Morocco,Spanish Morocco,Northern Morocco
|
| STB |
0 |
0 |
|a Divorce,Divorce,Droit comparé,Droit de la famille,Islam,Islam,Mariage,Mariage,Couples,Psychologie du couple
|
| STC |
0 |
0 |
|a Derecho comparativo,Derecho familiar,Divorcio,Divorcio,Divorcio,Islam,Islam,Matrimonio,Matrimonio,Matrimonio
|
| STD |
0 |
0 |
|a Diritto comparato,Diritto di famiglia,Divorzio,Divorzio,Islam,Islam,Matrimonio,Matrimonio
|
| STE |
0 |
0 |
|a 亲属法,家庭法,伊斯兰教,伊斯兰教,回教,回教,婚姻,婚姻,比较法,法律比较,离婚,离婚
|
| STF |
0 |
0 |
|a 伊斯蘭教,伊斯蘭教,回教,回教,婚姻,婚姻,比較法,法律比較,親屬法,家庭法,離婚,離婚
|
| STG |
0 |
0 |
|a Direito comparativo,Direito familiar,Divórcio,Divórcio,Islã,Islã,Matrimônio,Matrimônio
|
| STH |
0 |
0 |
|a Брак (мотив),Брак,Ислам (мотив),Ислам,Развод (мотив),Расторжение брака,Семейное право,Сравнительное право
|
| STI |
0 |
0 |
|a Γάμος (μοτίβο),Γάμος,Διαζύγιο (μοτίβο),Διαζύγιο,Ισλάμ (μοτίβο),Ισλάμ,Οικογενειακό δίκαιο,Συγκριτικό δίκαιο
|
| SUB |
|
|
|a REL
|
| SYE |
0 |
0 |
|a Iran,Ǧunbiš-i sabz,Ǧunbiš-i sabz,Ǧunbiš-i sabz,Iranian Green Movement,Die Grüne Revolution,Die Grüne Bewegung , Achämenidenreich,Perserreich,Persien,Sassanidenreich,Sasanidenreich,Jomhōri-e Islamī-e Iran,Kišwar-i Šāhanšāhī-i Īrān,Īrān,Īrān,Īrān,Islamische Republik Iran,Islamic Republic of Iran,République islamique d'Iran,Imperial Government of Iran,al-Ǧumhūrīya al-Islāmīya al-Īrānīya,Īrān,Īrān,Īrān,Daulat-i ʿAlīya-i Īrān,Pārs,Ǧumhūrīyat Īrān al-Islāmīya,al-Ǧumhūrīya al-Islāmīya al-Īrānīya,al-Ǧumhūriyya al-Islāmiyya al-Īrāniyya,Daulat-i Šāhinšāhī-i Īrān,Gouvernement Impérial de l'Iran,IR Iran,Persien,Islamische Republik Iran,Islamic Republic of Iran,Persia,Ǧumhūrī-i Islāmī-i Īrān,Perse,République islamique d'Iran
|
| SYG |
0 |
0 |
|a Iran,Ǧunbiš-i sabz,Ǧunbiš-i sabz,Ǧunbiš-i sabz,Iranian Green Movement,Die Grüne Revolution,Die Grüne Bewegung , Achämenidenreich,Perserreich,Persien,Sassanidenreich,Sasanidenreich,Jomhōri-e Islamī-e Iran,Kišwar-i Šāhanšāhī-i Īrān,Īrān,Īrān,Īrān,Islamische Republik Iran,Islamic Republic of Iran,République islamique d'Iran,Imperial Government of Iran,al-Ǧumhūrīya al-Islāmīya al-Īrānīya,Īrān,Īrān,Īrān,Daulat-i ʿAlīya-i Īrān,Pārs,Ǧumhūrīyat Īrān al-Islāmīya,al-Ǧumhūrīya al-Islāmīya al-Īrānīya,al-Ǧumhūriyya al-Islāmiyya al-Īrāniyya,Daulat-i Šāhinšāhī-i Īrān,Gouvernement Impérial de l'Iran,IR Iran,Persien,Islamische Republik Iran,Islamic Republic of Iran,Persia,Ǧumhūrī-i Islāmī-i Īrān,Perse,République islamique d'Iran , al- Mamlaka al-Maġribīya,Marrākuš,Marrākush,Marruecos,Königreich Marokko,Marraqus,Empire Chérifien,Reino de Marruecos,Maroc,Morocco,Royaume du Maroc,Kingdom of Morocco,al- Mamlakah al-Maghribīyah , Islam , Rechtsvergleichung,Internationaler Rechtsvergleich,Rechtsvergleichung , Iran,Ǧunbiš-i sabz,Ǧunbiš-i sabz,Ǧunbiš-i sabz,Iranian Green Movement,Die Grüne Revolution,Die Grüne Bewegung , Achämenidenreich,Perserreich,Persien,Sassanidenreich,Sasanidenreich,Jomhōri-e Islamī-e Iran,Kišwar-i Šāhanšāhī-i Īrān,Īrān,Īrān,Īrān,Islamische Republik Iran,Islamic Republic of Iran,République islamique d'Iran,Imperial Government of Iran,al-Ǧumhūrīya al-Islāmīya al-Īrānīya,Īrān,Īrān,Īrān,Daulat-i ʿAlīya-i Īrān,Pārs,Ǧumhūrīyat Īrān al-Islāmīya,al-Ǧumhūrīya al-Islāmīya al-Īrānīya,al-Ǧumhūriyya al-Islāmiyya al-Īrāniyya,Daulat-i Šāhinšāhī-i Īrān,Gouvernement Impérial de l'Iran,IR Iran,Persien,Islamische Republik Iran,Islamic Republic of Iran,Persia,Ǧumhūrī-i Islāmī-i Īrān,Perse,République islamique d'Iran , Islam , al- Mamlaka al-Maġribīya,Marrākuš,Marrākush,Marruecos,Königreich Marokko,Marraqus,Empire Chérifien,Reino de Marruecos,Maroc,Morocco,Royaume du Maroc,Kingdom of Morocco,al- Mamlakah al-Maghribīyah , Iran,Ǧunbiš-i sabz,Ǧunbiš-i sabz,Ǧunbiš-i sabz,Iranian Green Movement,Die Grüne Revolution,Die Grüne Bewegung , Achämenidenreich,Perserreich,Persien,Sassanidenreich,Sasanidenreich,Jomhōri-e Islamī-e Iran,Kišwar-i Šāhanšāhī-i Īrān,Īrān,Īrān,Īrān,Islamische Republik Iran,Islamic Republic of Iran,République islamique d'Iran,Imperial Government of Iran,al-Ǧumhūrīya al-Islāmīya al-Īrānīya,Īrān,Īrān,Īrān,Daulat-i ʿAlīya-i Īrān,Pārs,Ǧumhūrīyat Īrān al-Islāmīya,al-Ǧumhūrīya al-Islāmīya al-Īrānīya,al-Ǧumhūriyya al-Islāmiyya al-Īrāniyya,Daulat-i Šāhinšāhī-i Īrān,Gouvernement Impérial de l'Iran,IR Iran,Persien,Islamische Republik Iran,Islamic Republic of Iran,Persia,Ǧumhūrī-i Islāmī-i Īrān,Perse,République islamique d'Iran , al- Mamlaka al-Maġribīya,Marrākuš,Marrākush,Marruecos,Königreich Marokko,Marraqus,Empire Chérifien,Reino de Marruecos,Maroc,Morocco,Royaume du Maroc,Kingdom of Morocco,al- Mamlakah al-Maghribīyah , Eheleben,Ehen , Ehe,Scheidung , Islam
|
| TIM |
|
|
|a 100019560302_100020261231
|b 1956-03-02 - 2026
|